| 000 | 00985nab a22002175a 4500 | ||
|---|---|---|---|
| 005 | 20240408164132.0 | ||
| 007 | cu || ||||||aa | ||
| 008 | 240408t2024 xxk fo | o000 0 eng | | ||
| 041 | 0 | _aeng | |
| 245 | 0 | 0 |
_aNatural England v Andrew Cooper _h[electronic resource] |
| 260 |
_aKings Bench, Bristol District Registry, _b[2024] EWHC 625 (KB), _c3 April 2024 |
||
| 520 | _a[2024] EWHC 625 (KB). Judge HHJ Russen QC sitting in the Kings Bench held that Natural England does not have the standing to sue for an injunction, to prevent a farmer ploughing land with significant archaeological features, under its powers afforded by the Environmental Impact Assessment (Agriculture) (England) (No.2) Regulations 2006. | ||
| 650 | 0 | _aARCHEOLOGY | |
| 650 | 0 | _aFARMLAND | |
| 650 | 0 | _aNATURAL ENGLAND | |
| 650 | 0 | _aPLOUGHING | |
| 651 | 4 | _aUnited Kingdom | |
| 690 |
_aRural _96268 |
||
| 856 | 4 | 0 |
_uhttps://www.bailii.org/ew/cases/EWHC/KB/2024/625.html _zAvailable on BAILII |
| 942 | _n0 | ||
| 999 |
_c121898 _d121898 |
||